Statistics for 2022 Oscar Nominees

Click here to take the quiz!

General Stats

  • This quiz has been taken 286 times
  • The average score is 19 of 34

Answer Stats

#Movies% Correct
10Dune
89%
3CODA
85%
12The Power of the Dog
82%
7West Side Story
81%
6King Richard
80%
3Encanto
78%
4Drive My Car
72%
7Belfast
69%
3Licorice Pizza
65%
2The Eyes of Tammy Faye
65%
1Luca
63%
4Don't Look Up
62%
1Spider-Man: No Way Home
62%
2Tick, Tick ... Boom!
62%
3No Time to Die
59%
3The Tragedy of Macbeth
57%
3Being the Ricardos
55%
4Nightmare Alley
54%
3The Lost Daughter
53%
1Shang Chi and the
Legend of the Ten Rings
52%
1Spencer
52%
2Cruella
51%
1The Mitchells vs.
the Machines
48%
2Flee
47%
2Parallel Mothers
46%
1Raya and the Last Dragon
44%
2The Worst Person
in the World
44%
1House of Gucci
38%
1Free Guy
37%
1Hand of God
26%
1Coming 2 America
21%
1Cyrano
21%
1Lunana: A Yak in
the Classroom
20%
1Four Good Days
19%

Score Distribution

Percentile by Number Answered

Percent of People with Each Score

Your Score History

You have not taken this quiz